| 000 | 01298nas a2200349 4500 | ||
|---|---|---|---|
| 001 | BR2013009499 | ||
| 003 | BR-BrBNA | ||
| 005 | 20231205123421.0 | ||
| 007 | ta | ||
| 008 | 230509b bl.|||p| |||| 00| 00por d | ||
| 040 |
_aBR-BrBNA _bpor _cBiblioteca Nacional de Agricultura |
||
| 041 | _a(Pt) | ||
| 072 | _aP35; P33 | ||
| 100 | 1 | _aSilva, E.A. da | |
| 100 | 1 | _aCassiolato, A.M.R. | |
| 100 | 1 | _aMaltoni, K.L. | |
| 100 | 1 | _aScabora, M.H. | |
| 245 | 1 | _aEfeitos da rochagem e de resíduos orgânicos sobre aspectos químicos e microbiológicos de um subsolo exposto e sobre o crescimento de Astronium fraxinifolium Schott | |
| 246 | 1 | _aEffects of ground basalt and organic residues on the chemical and microbiological aspects on bare subsoil and on the growth of Astronium fraxinifolium Schott | |
| 650 | _aGONÇALEIRO | ||
| 650 | _aASTRONIUM FRAXINIFOLIUM | ||
| 650 | _aSUBSOLO | ||
| 650 | _aRESÍDUO ORGÂNICO | ||
| 650 | _aCRESCIMENTO | ||
| 650 | _aQUÍMICA | ||
| 650 | _aMICROBIOLOGIA | ||
| 650 | _a | ||
| 773 | 0 |
_tRevista Árvore (Brazil) _xISSN 0100-6762 _g(Mar-Apr 2008), v. 32(2) p. 323-333 _wBR2013009499 |
|
| 856 | 4 |
_uhttp://www.scielo.br/pdf/rarv/v32n2/a15v32n2.pdf _yRecurso eletrônico (PDF) |
|
| 909 |
_a202311 _bLúcia _c55 _dLúcia Elande |
||
| 942 |
_2AGRIS _n0 _cANA |
||
| 999 |
_c233771 _d233771 |
||